Zdanenie príjmov a majetku z cezhraničných transakcií podnikov a finančný reinžiniering dizertačná práca

Salvato in:
Dettagli Bibliografici
Autore principale: Záhumenská, Miroslava
Ente Autore: Národohospodárska fakulta EU. Katedra financií
Altri autori: Kubicová, Jana, 1961-
Natura: Libro
Lingua:slovacco
Pubblicazione: Bratislava 2016
Soggetti:
Tags: Aggiungi Tag
Nessun Tag, puoi essere il primo ad aggiungerne!!

MARC

LEADER 00000nbm a2200000 4500
001 0226088
005 20240502073719.3
041 0 |a slo 
044 |a SK 
245 1 0 |a Zdanenie príjmov a majetku z cezhraničných transakcií podnikov a finančný reinžiniering  |b dizertačná práca  |c Miroslava Záhumenská ; školiteľ: Jana Kubicová 
264 1 |a Bratislava  |c 2016 
300 |a 105 s. 
610 2 0 |a dane 
610 2 0 |a dane z príjmov 
610 2 0 |a zdaňovanie 
100 1 |a Záhumenská, Miroslava 
700 1 |a Kubicová, Jana, 1961- 
710 2 |a Národohospodárska fakulta EU. Katedra financií